Independent Kenya, (Record no. 131485)
[ view plain ]
| 000 -LEADER | |
|---|---|
| fixed length control field | 00388nam a22001457a 4500 |
| 008 - FIXED-LENGTH DATA ELEMENTS--GENERAL INFORMATION | |
| fixed length control field | 220520b |||||||| |||| 00| 0 eng d |
| 020 ## - INTERNATIONAL STANDARD BOOK NUMBER | |
| International Standard Book Number | 0862320798. |
| 050 ## - LIBRARY OF CONGRESS CALL NUMBER | |
| Classification number | DT433.580 |
| 100 ## - MAIN ENTRY--PERSONAL NAME | |
| Personal name | ---- |
| 9 (RLIN) | 51737 |
| 245 ## - TITLE STATEMENT | |
| Title | Independent Kenya, |
| Statement of responsibility, etc | ----- |
| 260 ## - PUBLICATION, DISTRIBUTION, ETC. (IMPRINT) | |
| Place of publication, distribution, etc | Zed Press: |
| Name of publisher, distributor, etc | ------- |
| Date of publication, distribution, etc | 1982. |
| 300 ## - PHYSICAL DESCRIPTION | |
| Extent | xiii,119p,; |
| Dimensions | 22cm. |
| 650 ## - SUBJECT ADDED ENTRY--TOPICAL TERM | |
| Topical term or geographic name as entry element | Kenya; |
| General subdivision | history |
| Chronological subdivision | 1963 |
| 9 (RLIN) | 30796 |
| 942 ## - ADDED ENTRY ELEMENTS (KOHA) | |
| Source of classification or shelving scheme | Library of Congress Classification |
| Item type | Monograph ( Printed materials) |
| Withdrawn status | Lost status | Source of classification or shelving scheme | Damaged status | Not for loan | Collection code | Home library | Current library | Date acquired | Total Checkouts | Full call number | Barcode | Date last seen | Price effective from | Koha item type |
|---|---|---|---|---|---|---|---|---|---|---|---|---|---|---|
| Library of Congress Classification | Main Collection | ARRUPE LIBRARY | ARRUPE LIBRARY | 20/05/2022 | DT433.580 | 46600009252 | 20/05/2022 | 20/05/2022 | Monograph ( Printed materials) |